| 000 | 01002nac a22003011i 4500 | ||
|---|---|---|---|
| 003 | EG-ScBUE | ||
| 005 | 20250427101536.0 | ||
| 008 | 250413t1992 gw a f b 000 0 eng d | ||
| 020 | _a3540535691 | ||
| 020 | _a0387535691 | ||
| 040 |
_aEG-ScBUE _beng _erda _cEG-ScBUE _dEG-ScBUE |
||
| 082 | 0 | 4 |
_a530.41 _bNON _222 |
| 245 | 0 | 0 |
_aNonlinear dynamics in solids / _cH. Thomas (ed.), edited in cooperation with the Deutsche Physikalische Gesellschaft. |
| 264 | 1 |
_aBerlin : _bSpringer-Verlag, _c[1992] |
|
| 264 | 4 | _cc1992 | |
| 300 |
_aix, 241 pages : _billustrations ; _c25 cm |
||
| 336 |
_2rdacontent _atext _btxt |
||
| 337 |
_aunmediated _2rdamedia _bn |
||
| 338 |
_avolume _bnc _2rdacarrier |
||
| 504 | _aIncludes bibliographical references. | ||
| 650 | 7 |
_aSolid state physics. _2BUEsh |
|
| 650 | 7 |
_aDynamics. _2BUEsh |
|
| 650 | 7 |
_aNonlinear theories. _2BUEsh |
|
| 655 | _vReading book | ||
| 700 | 1 |
_aThomas, H., _eeditor. |
|
| 710 | 2 |
_aDeutsche Physikalische Gesellschaft, _eeditor. |
|
| 942 |
_cBB _2ddc |
||
| 999 |
_c6558 _d6558 |
||